000
00220 a2200097 4500
001
13348
100
_a
Shirer, W.L
245
_a
The challenge of scandinvia
260
_a
London
_b
Robert hale ltd
_c
090
_c
10364
_d
10364
942
_a
NUST-CAE
_c
M
_c
408
999
_c
248421
_d
248421